Návrh adaptačného programu novoprijatých pracovníkov v podniku INA SKALICA, s.r.o. : Bakalárska práca

Enregistré dans:
Détails bibliographiques
Auteur principal: Zaitsavá, Palina (Auteur)
Autres auteurs: Štefánek, Peter (xxx)
Format: Manuscrit Livre
Langue:slovaque
Publié: Trnava : STU v Bratislave MtF KPIM, 2003
Sujets:
Tags: Ajouter un tag
Pas de tags, Soyez le premier à ajouter un tag!

MARC

LEADER 00000ntm a22000003a 4500
001 stu84013
005 20160719154900.1
008 040216s2003----xo------------------slo-d
040 |a STU  |b slo 
041 0 |a slo 
044 |a xo 
100 1 |a Zaitsavá, Palina  |4 aut 
245 1 |a Návrh adaptačného programu novoprijatých pracovníkov v podniku INA SKALICA, s.r.o. :  |b Bakalárska práca 
260 |a Trnava :  |b STU v Bratislave MtF KPIM,  |c 2003 
300 |a 47 s  |c príl 
650 7 |a priemyselné inžinierstvo a manažment  |2 stusub 
650 7 |a personalistika  |2 stusub 
700 1 |a Štefánek, Peter  |4 xxx  |u M190  |U MTF Materiálovotechnologická fakulta  |T MTF Katedra priemyselného inžinierstva a manažmentu  |X 1000601577  |U M190  |Y 167  |7 1000601577 
996 |b 284M054959  |c M*BP-359  |l MMSKP  |s P  |a 0  |w stu84013_0001